00924nam a22002777b 4500001000200000003000900002005001700011008003800028016000900066017000900075020001900084035001300103040002700116041001300143080000600156100002200162240004600184245020100230260002700431300002700458490003000485650005100515700003000566700002000596830003000616 DO-SdBNP20180215151821.0000519s1999 sp| ||| ||spa 7 a 2  a b  z2-215-063-17-3 a(OCoLC)  aBPMSUbspacBPMSUerdc1 aspahfre 0a 1 aCambournac, Laure10aDinosaures et animaux disparuslEspañol10aDinosaurios y animales desaparecidos /h ctextos, Laure Cambournac ; ilustraciones, Maris-Christine Lemayeur, Bernard Alunni ; creación, Émilie Beaumont ; traducción, Veo Veo Comunicación aParis :bils. ;c1999  a123 p :b ils. c25 cm aImagen descubre el mundo  7aAnimales extinguidosvLibros infantiles2embne1 aLemayeur, Marie-Christine1 aAlunni, Bernard aImagen descubre el mundo